Environmental sustainability social justice and law/ (Record no. 195951)
[ view plain ]
| 000 -LEADER | |
|---|---|
| fixed length control field | 00594nam a2200181 4500 |
| 005 - DATE AND TIME OF LATEST TRANSACTION | |
| control field | 20230512114059.0 |
| 010 ## - LCCN (DPL NO) | |
| LC control number | ENG-136939 |
| 020 ## - INTERNATIONAL STANDARD BOOK NUMBER | |
| International Standard Book Number | 9788194936060 |
| Terms of availability | 1500.00 |
| 035 ## - SYSTEM CONTROL NUMBER | |
| System control number | EN-120471 |
| 037 ## - SOURCE OF ACQUISITION | |
| Source of stock number/acquisition | DBAD/PUB |
| 082 ## - DEWEY DECIMAL CLASSIFICATION NUMBER | |
| Classification number | 363.700954 |
| 100 ## - MAIN ENTRY--PERSONAL NAME | |
| Personal name | Gupta, Sadhna |
| 245 ## - TITLE STATEMENT | |
| Title | Environmental sustainability social justice and law/ |
| Statement of responsibility, etc | By Sadhna Gupta |
| 260 ## - PUBLICATION, DISTRIBUTION, ETC. (IMPRINT) | |
| Place of publication, distribution, etc | New Delhi |
| Name of publisher, distributor, etc | Mittal Publications |
| Date of publication, distribution, etc | 2020 |
| 270 ## - ADDRESS | |
| Address | 4594/9, Daryaganj |
| City | New Delhi |
| Postal code | 110002 |
| Electronic mail address | info@mittalbooks.com |
| Telephone number | 23250398 |
| Fax number | 91-11-41564398 |
| 300 ## - PHYSICAL DESCRIPTION | |
| Extent | 390p |
| Dimensions | 22cm(hbk) |
| 942 ## - ADDED ENTRY ELEMENTS (KOHA) | |
| Source of classification or shelving scheme | Dewey Decimal Classification |
| Item type | English Books |
| Call number suffix | GUP |
| Classification part | 363.700954 |
| Withdrawn status | Lost status | Not for loan | Collection code | Home library | Current library | Date acquired | Source of acquisition | Cost, normal purchase price | Full call number | Barcode | Copy number | Cost, replacement price | Koha item type |
|---|---|---|---|---|---|---|---|---|---|---|---|---|---|
| Non-fiction | Shahdara Branch | Shahdara Branch | 12/05/2023 | DBAB/PUB | 1500.00 | 363.700954 GUP | EN-120471 | 1 | 1500.00 | English Books |
